Strategy for countryside launched (Record no. 72539)

MARC details
000 -LEADER
fixed length control field 00929cam a2200181 4500
001 - CONTROL NUMBER
control field WB3915-23
008 - FIXED-LENGTH DATA ELEMENTS--GENERAL INFORMATION
fixed length control field 030424n2003 000 0 eng u
035 ## - SYSTEM CONTROL NUMBER
System control number (Sirsi) u122082
245 ## - TITLE STATEMENT
Title Strategy for countryside launched
260 ## - PUBLICATION, DISTRIBUTION, ETC.
Date of publication, distribution, etc. 2003
490 ## - SERIES STATEMENT
Series statement Countryside Focus
Volume/sequential designation (25) April/May 2003, 1-2(1)
520 ## - SUMMARY, ETC.
Summary, etc. The Countryside Agency has published "Quality of life in tomorrow's countryside", which outlines seven key themes for a new countryside strategy. Themes include making the quality of life better for people in the countryside and making the quality of the countryside better for everyone to enjoy. Copies of the report are available from [email protected] or t +44 (0)1242 521381 or download from http://www.countryside.gov.uk/publications/publication.asp?PublicationID=603
590 ## - LOCAL NOTE (RLIN)
Local note WB
650 ## - SUBJECT ADDED ENTRY--TOPICAL TERM
Topical term or geographic name entry element COUNTRYSIDE AGENCY
650 ## - SUBJECT ADDED ENTRY--TOPICAL TERM
Topical term or geographic name entry element COUNTRYSIDE PLANNING
690 ## - LOCAL SUBJECT ADDED ENTRY--TOPICAL TERM (OCLC, RLIN)
Topical term or geographic name as entry element Rural
9 (RLIN) 6268
942 ## - ADDED ENTRY ELEMENTS (KOHA)
Suppress in OPAC 0
Holdings
Withdrawn status Lost status Source of classification or shelving scheme Damaged status Not for loan Home library Current library Shelving location Date acquired Total Checkouts Full call number Barcode Date last seen Copy number Price effective from Koha item type
    Dewey Decimal Classification     London London News article 24/04/2003   WB3915-23 122082-1001 06/08/2019 1 06/08/2019 News article